Maroko

Stručná geograficko-hospodárska charakteristika Maroka. Ekonomické reformy marockej vlády. Zahranično-obchodné vzťahy Maroka a Českej republiky. Perspektívne trhové sektory a komodity.

Gespeichert in:
Bibliographische Detailangaben
1. Verfasser: Malý, Petr
Format: Buchkapitel
Sprache:Tschechisch
Schlagworte:
Tags: Tag hinzufügen
Keine Tags, Fügen Sie das erste Tag hinzu!

MARC

LEADER 00000naa a2200000 4500
001 r035321
005 20230920100010.6
041 0 |a cze 
044 |a CZ 
245 1 0 |a Maroko  |c Petr Malý 
520 |a Stručná geograficko-hospodárska charakteristika Maroka. Ekonomické reformy marockej vlády. Zahranično-obchodné vzťahy Maroka a Českej republiky. Perspektívne trhové sektory a komodity. 
610 2 0 |a vývoj hospodársky 
610 2 0 |a reformy 
610 2 0 |a Maroko 
610 2 0 |a Česko 
610 2 0 |a obchod zahraničný 
610 2 0 |a bilancia obchodná 
610 2 0 |a vzťahy hospodárske vonkajšie 
610 2 0 |a komodity 
100 1 |a Malý, Petr